Computer Problems in Statistics and Econometrics

Salvato in:
Dettagli Bibliografici
Natura: Libro
Lingua:polacco
Pubblicazione: Wroclaw Akademia Ekon. im. Oskara Langego 1989
Edizione:1. ed.
Serie:Prace naukowe Nr.463
Tags: Aggiungi Tag
Nessun Tag, puoi essere il primo ad aggiungerne!!

MARC

LEADER 00000nam a2200000 4500
001 c039133
005 20221215130037.9
041 0 |a pol 
044 |a PL 
245 1 0 |a Computer Problems in Statistics and Econometrics 
250 |a 1. ed. 
264 1 |a Wroclaw  |b Akademia Ekon. im. Oskara Langego  |c 1989 
300 |a 126 s. 
490 1 |a Prace naukowe  |v Nr.463 
830 0 |a Prace naukowe  |v Nr.463